000 00652pam a2200253 i 4500
999 _c8978
_d8978
001 8978
003 BD-JhCC
005 20180306122804.0
008 180306s1978 mau 001 0 eng
020 _a0871502496
035 _a(BD-JhCC)8978
040 _aDLC
_cDLC
_dDLC
_dBD-JhCC
041 _aeng
050 0 0 _aQA152.2
_b.G62 1978
082 0 0 _a512.9
_bGOB 1978
100 1 _aGobran, Alfonse.
245 1 0 _aBeginning algebra /
_cAlfonse Gobran.
250 _a2nd ed.
260 _aBoston :
_bPrindle, Weber & Schmidt,
_cc1978.
300 _ax, 355 p. :
_bgraphs ;
_c26 cm.
500 _aIncludes index.
650 0 _aAlgebra.
942 _2ddc
_cBK